| 000 | 00841nam a22002057a 4500 | ||
|---|---|---|---|
| 999 |
_c1451 _d1451 |
||
| 003 | AR-CdUCM | ||
| 008 | 190227b ||||| |||| 00| 0 spa d | ||
| 040 |
_aMUNICIPALIDAD PROVINCIAL DEL CUSCO _cBIBLIOTECA MUNICIPAL DEL CUSCO |
||
| 082 |
_a342 / _bK22 |
||
| 100 |
_aKaplan, Morton A _95496 |
||
| 245 | _aFundamentos políticos del derecho internacional / | ||
| 260 |
_aMéxico, D.F : _bEdit. Limusa-Wiley S.A.; _c1965. |
||
| 300 |
_a412 paginas ; _c24 cm. |
||
| 505 | _aTestimonio de gratitud -- Soberanía y derechos territoriales -- La organización supranacional de tipo universal -- La función de las normas en la política internacional -- La jurisdicción .. | ||
| 650 |
_aPolítica mundial. _93360 |
||
| 650 |
_aDerecho internacional _95497 |
||
| 650 |
_aDerecho Nacional _95498 |
||
| 942 |
_2ddc _cLIBROS |
||
| 945 |
_arum _d2019-02-27 |
||